| 000 | 00760nam a2200181Ia 4500 | ||
|---|---|---|---|
| 008 | 090124s9999 xx 000 0 und d | ||
| 082 | _b26692 | ||
| 100 | _aहेबाळकर डॉ. श. पां. | ||
| 245 | _a भारतीय संस्कृतीचा विश्र्वसंचार | ||
| 250 | _a0 | ||
| 260 |
_bभारतीय विचार साधना _c1988 |
||
| 300 | _a164 | ||
| 600 | _aहेबाळकर डॉ. श. पां. | ||
| 630 | _a भारतीय संस्कृतीचा विश्र्वसंचार | ||
| 700 | _aहेबाळकर डॉ. श. पां. | ||
| 730 | _a भारतीय संस्कृतीचा विश्र्वसंचार | ||
| 942 | _cBOOK | ||
| 999 |
_c96236 _d96236 |
||